Villes des pays de l'OTAN de plus de 500 000 habitants - Statistiques

Statistiques générales
  • Ce quiz a été pris 137 fois
    60 depuis la dernière actualisation
  • Le résultat moyen est 70 sur 129
Statistiques - réponses
Pays Ville Population (en milliers) % Correct
Royaume Uni Londres 8 776
100%
Allemagne Berlin 3 677
98%
Turquie Istanbul 15 244
98%
Espagne Madrid 3 340
98%
France Marseille 873
98%
États Unis New York 8 335
98%
Italie Rome 2 748
98%
Pologne Varsovie 1 860
98%
Turquie Ankara 5 186
95%
France Paris 2 133
95%
Espagne Barcelone 1 655
93%
États Unis Los Angeles 3 822
93%
Pays Bas Amsterdam 859
91%
Hongrie Budapest 1 685
91%
Canada Montréal 1 762
91%
Allemagne Munich 1 487
91%
Roumanie Bucarest 1 716
88%
États Unis Chicago 2 665
88%
France Lyon 522
88%
Italie Milan 1 354
88%
Canada Ottawa 1 017
88%
Espagne Séville 684
88%
États Unis Washington 671
88%
Allemagne Hambourg 1 853
86%
Royaume Uni Liverpool 506
84%
Norvège Oslo 709
84%
Italie Naples 913
81%
République Tchèque Prague 1 301
81%
Canada Québec 549
81%
Suède Stockholm 984
81%
États Unis Boston 650
79%
Finlande Helsinki 664
79%
Portugal Lisbonne 545
79%
Bulgarie Sofia 1 183
79%
Canada Toronto 2 794
79%
Turquie Van 525
79%
Canada Vancouver 662
79%
Pologne Cracovie 800
77%
États Unis San Francisco 808
77%
Italie Turin 841
77%
Grèce Athènes 664
74%
Lettonie Riga 620
74%
Pays Bas Rotterdam 641
74%
Lituanie Vilnius 592
74%
États Unis Houston 2 302
72%
France Toulouse 504
72%
Espagne Valence 804
72%
Allemagne Cologne 1 073
70%
Danemark Copenhague 623
70%
États Unis Denver 713
70%
Allemagne Francfort sur le Main 759
70%
États Unis Dallas 1 299
67%
Royaume Uni Glasgow 631
67%
Croatie Zagreb 663
67%
Belgique Anvers 530
65%
États Unis Seattle 749
65%
Royaume Uni Birmingham 1 121
63%
États Unis Philadelphie 1 567
63%
États Unis San Diego 1 381
63%
Allemagne Stuttgart 626
63%
États Unis Las Vegas 656
60%
Macédoine du Nord Skopje 526
60%
Allemagne Dortmund 586
58%
Royaume Uni Édimbourg 505
58%
Turquie Izmir 2 948
58%
Italie Palerme 630
58%
États Unis Detroit 620
56%
Royaume Uni Leeds 536
56%
Espagne Malaga 587
56%
États Unis Phoenix 1 644
56%
Pays Bas La Haye 537
53%
Allemagne Dresde 555
51%
Allemagne Leipzig 601
51%
États Unis Austin 974
49%
Canada Calgary 1 306
47%
Allemagne Düsseldorf 619
47%
Canada Edmonton 1 010
47%
Italie Gênes 558
47%
Allemagne Nuremberg 510
47%
États Unis San Antonio 1 472
47%
Turquie Antalya 1 322
44%
Suède Göteborg 596
44%
Allemagne Hanovre 535
44%
Pologne Lódz 670
44%
Espagne Saragosse 683
44%
Allemagne Brême 563
42%
États Unis Charlotte 897
42%
États Unis Memphis 621
42%
États Unis Portland 635
42%
États Unis Oklahoma City 694
40%
États Unis Indianapolis 880
37%
États Unis Jacksonville 971
37%
États Unis Nashville 683
37%
États Unis San José 971
37%
Royaume Uni Sheffield 500
37%
Allemagne Essen 579
35%
États Unis Sacramento 528
35%
États Unis Kansas City 509
33%
Pologne Poznan 546
33%
Pologne Wroclaw 672
33%
États Unis Baltimore 569
28%
États Unis Milwaukee 563
28%
Canada Winnipeg 749
28%
États Unis Louisville 624
26%
Turquie Bursa 2 051
23%
États Unis Fort Worth 956
23%
États Unis Columbus 907
21%
États Unis El Paso 677
21%
Turquie Gaziantep 1 680
19%
Turquie Adana 1 779
16%
États Unis Albuquerque 561
14%
Turquie Konya 1 365
12%
Turquie Diyarbakir 1 087
9%
États Unis Fresno 545
9%
Canada Hamilton 569
9%
Turquie Samsun 639
9%
Turquie Kayseri 988
5%
Turquie Mersin 1 040
5%
États Unis Tucson 546
5%
Canada Brampton 656
2%
Turquie Eskisehir 789
2%
États Unis Mesa 512
2%
Canada Mississauga 717
2%
Turquie Adapazan 553
0%
Turquie Denizli 651
0%
Turquie Gebze 768
0%
Turquie Kahramanmaras 571
0%
Turquie Sanliurfa 596
0%
Canada Surrey 568
0%
Aucun quiz correspondant
Distribution des résultats
% des personnes avec chaque résultat
Percentile par nombre de réponses
Votre historique - résultats
Vous n’avez pas pris ce quiz depuis la dernière actualisation